Política tributaria para combatir la evasión (Registro nro. 15301)

Detalles MARC
000 -LEADER
fixed length control field 00323 a2200109 4500
001 - CONTROL NUMBER
control field ART_18518
005 - DATE AND TIME OF LATEST TRANSACTION
control field 20260410161702.0
008 - FIXED-LENGTH DATA ELEMENTS--GENERAL INFORMATION
fixed length control field 260409a
100 1# - MAIN ENTRY--PERSONAL NAME
Personal name Spisso, Rodolfo Roque
245 10 - TITLE STATEMENT
Title Política tributaria para combatir la evasión
773 0# - HOST ITEM ENTRY
Title Revista Impuestos
Related parts - Nº 7 (jul. 2012)
Record control number REV639

No hay ítems disponibles.